New presentation rubbers : SMR market reaction and future requirements (Record no. 63876)

MARC details
000 -LEADER
fixed length control field 00400nam a2200157Ia 4500
100 ## - MAIN ENTRY--AUTHOR NAME
Personal name Sekaran Nair
245 #0 - TITLE STATEMENT
Title New presentation rubbers : SMR market reaction and future requirements
260 ## - PUBLICATION, DISTRIBUTION, ETC. (IMPRINT)
Name of publisher Planters Bulletin
Year of publication 1970
300 ## - PHYSICAL DESCRIPTION
Number of Pages 200-209
650 ## - SUBJECT ADDED ENTRY--TOPICAL TERM
Topical Term Rubber
650 ## - SUBJECT ADDED ENTRY--TOPICAL TERM
Topical Term SMR
700 ## - ADDED ENTRY--PERSONAL NAME
Personal name Hing L T
700 ## - ADDED ENTRY--PERSONAL NAME
Personal name Weng S S
942 ## - ADDED ENTRY ELEMENTS (KOHA)
Koha item type Journals
Holdings
Withdrawn status Lost status Damaged status Not for loan Home library Current library Shelving location Date acquired Serial Enumeration / chronology Koha item type
      Journals RRII Library RRII Library Rubber chemistry 17/12/2021 Volume 110, Issue Journals